LEADER 01443nam a2200289 i 4500 001 000000107813 003 CaOOAMICUS 005 20071023163444.0 008 071023m19571960sp z u000 u spa c 040 $aANG$bita$dANDREA$dPUL$dLDB 100 1 $aRegatillo, Eduardo F.,$cS.I.$0(OLS)http://pul/name/26826 245 10$aCasos canónico-morales /$cEduardo F. Regatillo. 246 32$aCasos canónicos 250 $a2. ed. refundida. 260 $aSantander :$bSal Terrae,$c1957-1960. 300 $a3 v. ;$c22 cm. 500 $aTit. del vol. 1: Casos canónicos. 505 0 $av. 1: Normas generales, personas. -- v. 2. Sacramentos. -- v. 3. Simonia, sacramentales, indulgencias [...]. 650 14$aDiritto canonico$vManuali e compendi.$0(OLS)http://pul/subject/11542 850 $aPUL 852 $aPUL$W1$xSL Religione 1$y3$m36 F 22$j122611$av. 1$qStampati$B121593$CPULBib$Z2$F121593 $H27700 $82 852 $aPUL$W1$xSL Religione 1$y3$m36 F 23$j122612$av. 2$qStampati$B121594$CPULBib$Z2$F121594 $H27701 $82 852 $aPUL$W1$xSL Religione 1$y3$m36 F 24$j122613$av. 3$qStampati$B121595$CPULBib$Z2$F121595 $H27702 $82 941 1 $a8 996 $6246$aCasos canónicos$9(OLS)http://pul/title/135765 996 $6245$aCasos canónico-morales$9(OLS)http://pul/title/135764 996 $6260$aSantander :$bSal Terrae$9(OLS)http://pul/publisher/58260 LEADER 01177nam a2200301 a 4500 001 000000132657 003 CaOOAMICUS 005 20130207104628.0 008 130207s2012 it a u000 u ita r 020 $a978-88-6557-087-6 040 $aPUL$bita 082 04$a263 245 00$aPuglia /$ca cura di Giorgio Otranto, Immacolata Aulisa. 260 $aRoma :$bDe Luca Editori d'Arte,$c©2012. 300 $a316 p. :$bill. ;$c33 cm 490 1 $aSantuari d'Italia 650 4$aSantuari$zItalia$zPuglia.$0(OLS)http://pul/subject/21194 700 1 $aOtranto, Giorgio.$0(OLS)http://pul/name/330 700 1 $aAulisa, Immacolata.$0(OLS)http://pul/name/64707 830 0$aSantuari d'Italia.$0(OLS)http://pul/title/167611 850 $aPUL 852 $aPUL$W1$xDP2 Religione 3$y114$m263 AIPRS 2$j152624$qDDC 21$B152012$CPULBib$Z2$F152012 $H121393 $82 941 1 $a9 996 $6020$a978-88-6557-087-6$9(OLS)http://pul/number/151758 996 $6082$a263$9(OLS)http://pul/classification/1774 996 $6245$aPuglia$9(OLS)http://pul/title/112852 996 $6260$aRoma :$bDe Luca Editori d'Arte$9(OLS)http://pul/publisher/81256